000 00464nam a22001697a 4500
999 _c524163
_d524163
003 NUST
038 _aabdul basit
082 _a891.421
_bNIZ
100 _aNizami, muhammad sajid.
_914985
245 _aMehrab e dua /
_cMuhammad sajid Nizami
260 _aAttock :
_bNizamia dar ul ishat,
_c2005.
300 _a96 p. ;
500 _aPapercover.
880 _6100-02\r
_aمحمد ساجد نظامی
880 _6245-02\r
_aمحراب دعا /
942 _2ddc
_cBK